[Event "FIN-chT 2223"]
[Site "Finland"]
[Date "2022.09.25"]
[Round "2.7"]
[White "Hautaniemi, Jarmo"]
[Black "Laakso, Harri"]
[Result "1/2-1/2"]
[WhiteElo "1932"]
[BlackElo "2145"]
[PlyCount "49"]
[EventDate "2022.09.24"]
[EventType "team-tourn"]
[EventRounds "11"]
[EventCountry "FIN"]
[SourceTitle "CBM 210 Extra"]
[Source "ChessBase"]
[SourceDate "2022.11.30"]
[SourceVersion "1"]
[SourceVersionDate "2022.11.30"]
[SourceQuality "1"]
[WhiteTeam "Vammala SK"]
[BlackTeam "Vantaa EtVaS"]
[WhiteTeamCountry "FIN"]
[BlackTeamCountry "FIN"]

1. d4 d5 2. Bf4 c5 3. e3 Nc6 4. Nc3 cxd4 5. exd4 a6 6. Nf3 Bg4 7. Be2 e6 8. Ne5 Nxe5 9. Bxg4 Nxg4 10. Qxg4 Nf6 11. Qd1 Be7 12. Ne2 0-0 13. 0-0 Ne4 14. c3 Bd6 15. Bxd6 Qxd6 16. Qd3 Qb6 17. Rab1 Nd6 18. Rfc1 Qa5 19. a3 b5 20. Qg3 Ne4 21. Qe3 Rac8 22. Nf4 Qc7 23. Nd3 a5 24. Qe2 a4 25. f3 1/2-1/2

[Event "FIN-chT 1920"]
[Site "Finland"]
[Date "2019.10.20"]
[Round "4.8"]
[White "Hautaniemi, Jarmo"]
[Black "Salimaki, Janne"]
[Result "0-1"]
[WhiteElo "1932"]
[BlackElo "2113"]
[PlyCount "108"]
[EventDate "2019.09.14"]
[EventType "team-tourn"]
[EventRounds "11"]
[EventCountry "FIN"]
[SourceTitle "EXT 2022"]
[Source "ChessBase"]
[SourceDate "2021.10.06"]
[SourceVersion "1"]
[SourceVersionDate "2021.10.06"]
[SourceQuality "1"]
[WhiteTeam "Sastamala VammSK"]
[BlackTeam "Espoo MatSK"]
[WhiteTeamCountry "FIN"]
[BlackTeamCountry "FIN"]

1. d4 d6 2. Nf3 g6 3. Nc3 Bg7 4. e4 a6 5. Be2 b5 6. a3 Nd7 7. 0-0 Bb7 8. Bf4 Rc8 9. Re1 c5 10. e5 cxd4 11. Qxd4 dxe5 12. Nxe5 Nxe5 13. Qa7 Qc7 14. Bf1 f6 15. a4 b4 16. Ne2 Nh6 17. Nd4 0-0 18. Ne6 Qc6 19. Bxe5 Qxe6 20. Bg3 Qc6 21. Rxe7 Rf7 22. Rae1 Nf5 23. Qxb7 Qxb7 24. Rxb7 Rxb7 25. Bxa6 Re7 26. Rxe7 Nxe7 27. Bxc8 Nxc8 28. a5 f5 29. b3 Kf7 30. Kf1 Ke6 31. Ke2 Kd5 32. Kd3 Bc3 33. Bc7 Kc6 34. Bd8 Kb5 35. f3 Na7 36. g4 fxg4 37. fxg4 Nc6 38. Bc7 Ne5+ 39. Ke4 Nxg4 40. Kf3 Ne5+ 41. Ke4 Nc6 42. Kd5 Nxa5 43. Ke6 Nc6 44. Kf7 Nd4 45. Kg8 h6 46. Kh7 Bd2 47. Kxg6 Nxc2 48. Be5 Kc5 49. Bg7 Nd4 50. Bf8+ Kb5 51. h4 Nxb3 52. Bxh6 Bxh6 53. Kxh6 Nd4 54. Kg6 b3 0-1

[Event "FIN-ch op"]
[Site "Naantali"]
[Date "2019.07.04"]
[Round "8"]
[White "Hautaniemi, Jarmo"]
[Black "Paronen, Petteri"]
[Result "1/2-1/2"]
[WhiteElo "1931"]
[BlackElo "2100"]
[PlyCount "32"]
[EventDate "2019.06.29"]
[EventType "swiss"]
[EventRounds "9"]
[EventCountry "FIN"]
[SourceTitle "CBM 192 Extra"]
[Source "Chessbase"]
[SourceDate "2019.11.06"]
[SourceVersion "1"]
[SourceVersionDate "2019.11.06"]
[SourceQuality "1"]

1. d4 Nf6 2. Nc3 d6 3. e4 c6 4. Nf3 Qa5 5. Bd2 Nbd7 6. Bc4 e6 7. 0-0 Qc7 8. a4 Be7 9. a5 0-0 10. Qe2 e5 11. Bg5 Re8 12. dxe5 dxe5 13. Rfd1 Nf8 14. Bh4 h6 15. Bg3 Ng6 16. Nh4 Nxh4 1/2-1/2

[Event "FIN-chT 1819"]
[Site "Finland"]
[Date "2019.04.06"]
[Round "10.8"]
[White "Hautaniemi, Jarmo"]
[Black "Pihlajasalo, Hannu"]
[Result "1/2-1/2"]
[WhiteElo "1929"]
[BlackElo "2184"]
[PlyCount "46"]
[EventDate "2018.09.15"]
[EventType "team-tourn"]
[EventRounds "11"]
[EventCountry "FIN"]
[SourceTitle "CBM 189 Extra"]
[Source "ChessBase"]
[SourceDate "2019.06.03"]
[SourceVersion "1"]
[SourceVersionDate "2019.06.03"]
[SourceQuality "1"]
[WhiteTeam "Sastamala VammSK"]
[BlackTeam "Turku TuTS"]
[WhiteTeamCountry "FIN"]
[BlackTeamCountry "FIN"]

1. d4 Nf6 2. Bf4 d5 3. e3 c5 4. c3 Nc6 5. Nd2 cxd4 6. exd4 Bf5 7. Qb3 Qd7 8. Ngf3 a6 9. Ne5 Nxe5 10. Bxe5 e6 11. Be2 Be7 12. 0-0 0-0 13. Nf3 Bg4 14. Bf4 Bd6 15. Bxd6 Qxd6 16. Rfe1 Bxf3 17. Bxf3 Rab8 18. a3 b5 19. Be2 Qb6 20. Bd3 a5 21. h3 Rfc8 22. Qd1 Qd8 23. Qe2 Qd7 1/2-1/2

[Event "Salo SalSK op"]
[Site "Salo"]
[Date "2019.02.17"]
[Round "5"]
[White "Piho, Juha"]
[Black "Hautaniemi, Jarmo"]
[Result "0-1"]
[WhiteElo "1936"]
[BlackElo "1944"]
[PlyCount "142"]
[EventDate "2019.02.15"]
[EventType "swiss"]
[EventRounds "5"]
[EventCountry "FIN"]
[SourceTitle "EXT 2021"]
[Source "ChessBase"]
[SourceDate "2020.10.23"]
[SourceVersion "1"]
[SourceVersionDate "2020.10.23"]
[SourceQuality "1"]

1. e4 c5 2. Nf3 g6 3. d4 cxd4 4. Nxd4 Nc6 5. Nc3 Bg7 6. Be3 Nf6 7. f3 0-0 8. Qd2 d5 9. exd5 Nxd5 10. Nxd5 Qxd5 11. Nxc6 Qxc6 12. c3 Bf5 13. Rd1 e5 14. Qd5 Qf6 15. Qd6 Be6 16. Be2 Rfd8 17. Qa3 Rxd1+ 18. Bxd1 Bc4 19. Bb3 Bd3 20. Kd2 e4 21. f4 Qd8 22. Kc1 Bf8 23. Qa4 b5 24. Qd4 Qc7 25. Rd1 b4 26. Qe5 Bd6 27. Qf6 Qe7 28. Qxe7 Bxe7 29. Bd4 a5 30. Re1 bxc3 31. bxc3 Ba3+ 32. Kd2 Rd8 33. Ke3 Rc8 34. Bd5 Kf8 35. Kd2 f5 36. g4 Rd8 37. Be6 fxg4 38. f5 Rxd4 39. cxd4 Bb4+ 40. Kd1 Bxe1 41. Kxe1 g5 42. f6 e3 43. Bxg4 Kf7 44. d5 Kxf6 45. d6 Bb5 46. a3 h6 47. h3 Kf7 48. Bf5 Ke8 49. h4 Bd7 50. Bg6+ Kd8 51. hxg5 hxg5 52. Ke2 Be6 53. Kxe3 Kd7 54. Be4 Kxd6 55. Kd4 Bb3 56. Bf3 Ke6 57. Bg4+ Kf6 58. Bh3 Be6 59. Bg2 Kf5 60. Bh3+ Kf6 61. Bg2 Bd7 62. Kc5 Ke5 63. Kb6 a4 64. Ka5 Kf4 65. Kb4 g4 66. Bd5 Ke3 67. Kc3 Bf5 68. Kb4 Be4 69. Be6 g3 70. Bh3 Kf2 71. Kxa4 Bf5 0-1

[Event "Salo SalSK op"]
[Site "Salo"]
[Date "2019.02.15"]
[Round "1"]
[White "Hautaniemi, Jarmo"]
[Black "Jarvenpaa, Jari"]
[Result "0-1"]
[WhiteElo "1944"]
[BlackElo "2288"]
[PlyCount "118"]
[EventDate "2019.02.15"]
[EventType "swiss"]
[EventRounds "5"]
[EventCountry "FIN"]
[SourceTitle "EXT 2021"]
[Source "ChessBase"]
[SourceDate "2020.10.23"]
[SourceVersion "1"]
[SourceVersionDate "2020.10.23"]
[SourceQuality "1"]

1. d4 Nf6 2. Bf4 d6 3. Nc3 Bf5 4. Nf3 c6 5. e3 Qb6 6. Rb1 Nbd7 7. Bd3 Bg4 8. h3 Bxf3 9. Qxf3 e5 10. dxe5 dxe5 11. Bg3 Be7 12. 0-0 0-0 13. Rfd1 Qc7 14. Bf5 Rad8 15. Bxd7 Nxd7 16. e4 Nc5 17. Rxd8 Rxd8 18. Rd1 f6 19. Qe2 b5 20. f3 Ne6 21. Rxd8+ Qxd8 22. Qd1 Bc5+ 23. Kf1 Qe7 24. Ne2 Kf8 25. c3 a5 26. Bf2 Bxf2 27. Kxf2 Qc5+ 28. Kf1 Ke7 29. Qd3 a4 30. b4 axb3 31. axb3 Qa3 32. b4 Nc7 33. Qe3 Ne6 34. Qd3 Nf8 35. Qe3 Nd7 36. Qd3 Qa2 37. Qe3 Kd8 38. g3 Kc7 39. f4 Qc4 40. Kf2 c5 41. Kf3 cxb4 42. cxb4 Qxb4 43. Nc3 Nb6 44. fxe5 fxe5 45. Qd3 Kc6 46. Nd5 Qf8+ 47. Kg2 Nc4 48. Qc3 Qa3 49. Nb4+ Kd6 50. Qe1 Qb2+ 51. Kh1 Qd2 52. Qb1 Ne3 53. Qd3+ Qxd3 54. Nxd3 Nf1 55. g4 Ng3+ 56. Kg2 Nxe4 57. Kf3 Ng5+ 58. Kg3 e4 59. Nb2 Ke5 0-1

[Event "Naantali Avoin op"]
[Site "Naantali"]
[Date "2018.07.04"]
[Round "4"]
[White "Hautaniemi, Jarmo"]
[Black "Valkama, Eero"]
[Result "0-1"]
[WhiteElo "1935"]
[BlackElo "2229"]
[PlyCount "66"]
[EventDate "2018.07.02"]
[EventType "swiss"]
[EventRounds "9"]
[EventCountry "FIN"]
[SourceTitle "EXT 2019"]
[Source "ChessBase"]
[SourceDate "2018.10.10"]
[SourceVersion "1"]
[SourceVersionDate "2018.10.10"]
[SourceQuality "1"]

1. d4 Nf6 2. Bf4 e6 3. e3 Be7 4. Nf3 Nh5 5. Bg3 d5 6. Bd3 Nd7 7. Nbd2 Nxg3 8. hxg3 h6 9. e4 dxe4 10. Nxe4 c5 11. dxc5 Nxc5 12. Bb5+ Bd7 13. Bxd7+ Qxd7 14. Qxd7+ Nxd7 15. 0-0-0 0-0-0 16. Nd6+ Bxd6 17. Rxd6 Nc5 18. Rxd8+ Rxd8 19. Rh4 Rd5 20. Nd2 f5 21. f3 Kd7 22. Nb3 Nxb3+ 23. axb3 e5 24. g4 Rd4 25. Rh5 fxg4 26. Rxe5 gxf3 27. gxf3 g5 28. c3 Rf4 29. Re3 Rf6 30. Kd2 Re6 31. Re2 Rxe2+ 32. Kxe2 Ke6 33. c4 a5 0-1

[Event "Turku We TSY"]
[Site "Turku"]
[Date "2018.04.22"]
[Round "4"]
[White "Haddara, Marwan"]
[Black "Hautaniemi, Jarmo"]
[Result "0-1"]
[WhiteElo "1871"]
[BlackElo "1953"]
[PlyCount "64"]
[EventDate "2018.04.20"]
[EventType "swiss"]
[EventRounds "5"]
[EventCountry "FIN"]
[SourceTitle "EXT 2022"]
[Source "ChessBase"]
[SourceDate "2021.10.06"]
[SourceVersion "1"]
[SourceVersionDate "2021.10.06"]
[SourceQuality "1"]

1. e4 c5 2. Nf3 g6 3. d4 cxd4 4. Nxd4 Nc6 5. c4 Nf6 6. Nc3 Nxd4 7. Qxd4 d6 8. Be2 Bg7 9. Be3 0-0 10. 0-0 Ng4 11. Qd2 Nxe3 12. Qxe3 a5 13. Rad1 Bxc3 14. Qxc3 Qb6 15. Rd3 Be6 16. Kh1 Rfc8 17. b3 Qb4 18. Qc1 b5 19. a3 Qc5 20. Rc3 bxc4 21. f4 Qd4 22. bxc4 Rc5 23. f5 Bd7 24. Rh3 Rb8 25. Rh4 Qg7 26. Bd3 Rb3 27. Rh3 a4 28. g4 Bc6 29. f6 exf6 30. Qf4 Re5 31. Rff3 Rxd3 32. Rxd3 Rxe4 0-1

[Event "Turku We TSY"]
[Site "Turku"]
[Date "2018.04.22"]
[Round "5"]
[White "Hautaniemi, Jarmo"]
[Black "Tuominen, Tanja"]
[Result "1/2-1/2"]
[WhiteElo "1953"]
[BlackElo "2059"]
[PlyCount "102"]
[EventDate "2018.04.20"]
[EventType "swiss"]
[EventRounds "5"]
[EventCountry "FIN"]
[SourceTitle "EXT 2022"]
[Source "ChessBase"]
[SourceDate "2021.10.06"]
[SourceVersion "1"]
[SourceVersionDate "2021.10.06"]
[SourceQuality "1"]

1. d4 Nf6 2. Bf4 e6 3. e3 c5 4. c3 d5 5. Nd2 Nc6 6. Bd3 Be7 7. Ngf3 0-0 8. Ne5 cxd4 9. exd4 Re8 10. h4 Bd6 11. Ndf3 Ne4 12. Nxc6 bxc6 13. Bxd6 Qxd6 14. 0-0 Nf6 15. Re1 c5 16. dxc5 Qxc5 17. Qe2 a5 18. Bb5 Rd8 19. a4 Rd6 20. Nd4 h6 21. Rac1 Bb7 22. Qe3 Ba6 23. Bxa6 Rdxa6 24. Nb5 Rc6 25. Qxc5 Rxc5 26. Rcd1 Rc4 27. Rd4 Rac8 28. g3 Ne4 29. Rxc4 Rxc4 30. b3 Rc8 31. Re2 Kf8 32. Kg2 Ke7 33. f3 Nd6 34. Ra2 Nxb5 35. axb5 Rxc3 36. Rxa5 Rxb3 37. Ra7+ Kf6 38. Rb7 Rb2+ 39. Kf1 e5 40. b6 g5 41. h5 g4 42. fxg4 e4 43. Rb8 e3 44. b7 d4 45. Rd8 Rxb7 46. Rxd4 Rb2 47. Re4 e2+ 48. Ke1 Kg5 49. Rf4 Rb3 50. Rxf7 Kxg4 51. Kxe2 Rxg3 1/2-1/2

[Event "Salo We Tomi Tocklin 50v"]
[Site "Salo"]
[Date "2018.02.18"]
[Round "6"]
[White "Olander, Aleksi"]
[Black "Hautaniemi, Jarmo"]
[Result "1-0"]
[WhiteElo "2039"]
[BlackElo "1947"]
[PlyCount "65"]
[EventDate "2018.02.??"]
[EventType "swiss"]
[EventRounds "7"]
[EventCountry "FIN"]
[SourceTitle "EXT 2022"]
[Source "ChessBase"]
[SourceDate "2021.10.06"]
[SourceVersion "1"]
[SourceVersionDate "2021.10.06"]
[SourceQuality "1"]

1. d4 g6 2. Nc3 Bg7 3. Bf4 c5 4. d5 d6 5. e4 Nf6 6. Qd2 h6 7. f3 Na6 8. Bd3 Nc7 9. a4 Bd7 10. Nge2 Rb8 11. e5 dxe5 12. Bxe5 0-0 13. Bc4 Nfe8 14. Bxg7 Kxg7 15. Qe3 b6 16. Qe5+ f6 17. Qg3 Nd6 18. Bd3 Bf5 19. Rd1 Bxd3 20. Rxd3 Nf5 21. Qg4 h5 22. Qe4 Ne8 23. Nf4 Nc7 24. Nb5 Kh6 25. Nxc7 Qxc7 26. Ne6 Qc8 27. Nxf8 Qxf8 28. 0-0 Nd6 29. Qe3+ Kg7 30. Re1 Re8 31. Qe6 Qf7 32. Qd7 Nc8 33. d6 1-0

[Event "Salo We Tomi Tocklin 50v"]
[Site "Salo"]
[Date "2018.02.17"]
[Round "5"]
[White "Hautaniemi, Jarmo"]
[Black "Lehtosaari, Kalevi"]
[Result "1/2-1/2"]
[WhiteElo "1947"]
[BlackElo "1964"]
[PlyCount "77"]
[EventDate "2018.02.??"]
[EventType "swiss"]
[EventRounds "7"]
[EventCountry "FIN"]
[SourceTitle "EXT 2022"]
[Source "ChessBase"]
[SourceDate "2021.10.06"]
[SourceVersion "1"]
[SourceVersionDate "2021.10.06"]
[SourceQuality "1"]

1. d4 d5 2. c4 c6 3. cxd5 cxd5 4. Nc3 Nf6 5. Bf4 e6 6. e3 Bd6 7. Bxd6 Qxd6 8. f4 0-0 9. Bd3 a6 10. Nf3 b5 11. 0-0 Bb7 12. Ne5 Ne4 13. Rc1 f6 14. Nf3 Nd7 15. Bb1 Rac8 16. Nxe4 dxe4 17. Nd2 Rxc1 18. Qxc1 Rc8 19. Qd1 Bd5 20. Bxe4 Bxa2 21. Qa1 Bd5 22. Rc1 Rxc1+ 23. Qxc1 f5 24. Bxd5 exd5 25. Nf3 Nb6 26. Ne5 Nc4 27. b3 Nxe5 28. fxe5 Qe6 29. Qc7 h6 30. Qd8+ Kf7 31. Qc7+ Kf8 32. Kf2 g5 33. g3 Ke8 34. Ke2 f4 35. exf4 gxf4 36. Kf3 fxg3 37. Qb8+ Ke7 38. hxg3 Qf5+ 39. Kg2 1/2-1/2

[Event "FIN-chT1A 1718"]
[Site "Finland"]
[Date "2018.02.04"]
[Round "7.8"]
[White "Hautaniemi, Jarmo"]
[Black "Nystrom, Jarno"]
[Result "1/2-1/2"]
[WhiteElo "1953"]
[BlackElo "1854"]
[PlyCount "80"]
[EventDate "2017.09.16"]
[EventType "team-tourn"]
[EventRounds "7"]
[EventCountry "FIN"]
[SourceTitle "EXT 2020"]
[Source "ChessBase"]
[SourceDate "2019.10.17"]
[SourceVersion "1"]
[SourceVersionDate "2019.10.17"]
[SourceQuality "1"]
[WhiteTeam "Sastamala VammSK"]
[BlackTeam "Raahe Li"]
[WhiteTeamCountry "FIN"]
[BlackTeamCountry "FIN"]

1. d4 e6 2. c4 d5 3. Nc3 Nf6 4. cxd5 exd5 5. Bg5 Be7 6. e3 0-0 7. Bd3 h6 8. Bh4 c6 9. Qc2 Re8 10. Nge2 Nh5 11. Bxe7 Qxe7 12. 0-0 Nd7 13. Rab1 Nf8 14. b4 b5 15. e4 dxe4 16. Bxe4 Bd7 17. Bf3 Nf6 18. Rfd1 Rac8 19. Ng3 Ng6 20. Qd2 Nh4 21. Be2 a6 22. Bd3 Bh3 23. Bf1 Bg4 24. Re1 Qd7 25. f3 Be6 26. Nge4 Nxe4 27. fxe4 Red8 28. Rbd1 Qc7 29. Qf2 Ng6 30. g3 f6 31. Bg2 Qa7 32. Rd2 Rc7 33. Red1 Bg4 34. Re1 Rcd7 35. h3 Be6 36. Red1 Bc4 37. h4 Kh8 38. Bh3 Rd6 39. Bg2 Kg8 40. Kh1 Ne7 1/2-1/2

[Event "FIN-chT1A 1617"]
[Site "Finland"]
[Date "2017.02.04"]
[Round "6.6"]
[White "Tuovinen, Jukka"]
[Black "Hautaniemi, Jarmo"]
[Result "1-0"]
[WhiteElo "2043"]
[BlackElo "1992"]
[PlyCount "187"]
[EventDate "2016.09.17"]
[EventType "team-tourn"]
[EventRounds "7"]
[EventCountry "FIN"]
[SourceTitle "EXT 2019"]
[Source "ChessBase"]
[SourceDate "2018.10.10"]
[SourceVersion "1"]
[SourceVersionDate "2018.10.10"]
[SourceQuality "1"]
[WhiteTeam "Helsinki SSK"]
[BlackTeam "Sastamala VammSK"]
[WhiteTeamCountry "FIN"]
[BlackTeamCountry "FIN"]

1. e4 c5 2. c3 d5 3. exd5 Qxd5 4. d4 Nf6 5. Nf3 Bg4 6. Be2 e6 7. 0-0 Be7 8. Be3 cxd4 9. Nxd4 Bxe2 10. Qxe2 0-0 11. Nb5 Na6 12. c4 Qe5 13. f4 Qb8 14. N1c3 Bc5 15. Rad1 Rd8 16. b3 Rxd1 17. Nxd1 Qc8 18. Ndc3 Bxe3+ 19. Qxe3 Qc5 20. Qxc5 Nxc5 21. Rd1 a6 22. Na3 Kf8 23. Rd4 Ke7 24. b4 Ncd7 25. Nc2 Rc8 26. Ne3 Rc6 27. Kf2 Rd6 28. Rxd6 Kxd6 29. Kf3 b6 30. g4 h6 31. h4 g5 32. hxg5 hxg5 33. fxg5 Ne5+ 34. Kg3 Nfd7 35. Ne4+ Ke7 36. a3 Nd3 37. Nf2 Nxf2 38. Kxf2 Kd6 39. Kf3 Ke5 40. Nc2 Nf8 41. Ke3 Nh7 42. g6 fxg6 43. Nd4 Nf6 44. Nf3+ Kd6 45. Kf4 Nh7 46. g5 e5+ 47. Nxe5 Nxg5 48. Nxg6 Ne6+ 49. Ke4 Ng5+ 50. Kd4 Ne6+ 51. Ke3 Kd7 52. Ne5+ Kd6 53. Nf3 a5 54. Nd4 axb4 55. axb4 Ng5 56. Nb5+ Kc6 57. Kd4 Nf3+ 58. Ke4 Ng5+ 59. Ke3 Nf7 60. Kf4 Nd8 61. Ke5 Nf7+ 62. Kf6 Nh6 63. Ke6 Ng4 64. Nd4+ Kb7 65. Nf5 Kc6 66. Ne7+ Kb7 67. Kd6 Nf6 68. Nf5 Ne4+ 69. Kd7 Nf6+ 70. Ke6 Ng4 71. Kd6 Nf2 72. Kd7 Nd3 73. Nd6+ Kb8 74. b5 Ne5+ 75. Ke6 Nd3 76. Kd7 Ne5+ 77. Kd8 Nd3 78. Nc8 Kb7 79. Nd6+ Kb8 80. Ke7 Kc7 81. Ne8+ Kb7 82. Kd6 Nb2 83. Kd7 Nd3 84. Nd6+ Ka7 85. Kc7 Nc5 86. Nc8+ Ka8 87. Nxb6+ Ka7 88. Nc8+ Ka8 89. b6 Na6+ 90. Kc6 Nb8+ 91. Kb5 Kb7 92. Nd6+ Ka8 93. c5 Nd7 94. c6 1-0

[Event "FIN-chT1A 1617"]
[Site "Finland"]
[Date "2017.01.14"]
[Round "5.4"]
[White "Nokso Koivisto, Antti"]
[Black "Hautaniemi, Jarmo"]
[Result "1-0"]
[WhiteElo "2099"]
[BlackElo "1992"]
[PlyCount "137"]
[EventDate "2016.09.17"]
[EventType "team-tourn"]
[EventRounds "7"]
[EventCountry "FIN"]
[SourceTitle "EXT 2019"]
[Source "ChessBase"]
[SourceDate "2018.10.10"]
[SourceVersion "1"]
[SourceVersionDate "2018.10.10"]
[SourceQuality "1"]
[WhiteTeam "Loimaa SK"]
[BlackTeam "Sastamala VammSK"]
[WhiteTeamCountry "FIN"]
[BlackTeamCountry "FIN"]

1. e4 c5 2. Nf3 g6 3. d4 cxd4 4. Nxd4 Nf6 5. Nc3 Nc6 6. Nb3 Bg7 7. Be2 0-0 8. Bg5 a5 9. a4 d6 10. 0-0 Be6 11. Bf3 Ne5 12. Be2 Bc4 13. Re1 Rc8 14. Nd2 Bxe2 15. Qxe2 Nc6 16. h3 Nd7 17. Nf3 Nde5 18. Rab1 Nxf3+ 19. Qxf3 Nd4 20. Qd3 Ne6 21. Bd2 Re8 22. Nd5 Nd4 23. Bc3 Nc6 24. Bxg7 Kxg7 25. c3 e6 26. Ne3 Qc7 27. Rbd1 Red8 28. Rd2 Ne5 29. Qd4 Qc5 30. Red1 Qxd4 31. Rxd4 g5 32. Rxd6 Rxd6 33. Rxd6 Nc4 34. Nxc4 Rxc4 35. Rd4 Rc6 36. Kf1 Rb6 37. Rd2 Rb3 38. Ke2 b5 39. axb5 Rxb5 40. Kd1 h5 41. Kc2 Kf6 42. Rd4 Ke5 43. f3 Kf4 44. Rd2 g4 45. hxg4 hxg4 46. fxg4 Kxe4 47. Rf2 Rg5 48. Rxf7 Rxg4 49. Rf2 Ke3 50. Rd2 e5 51. Kd1 e4 52. Ke1 Rh4 53. Kd1 Rg4 54. b4 axb4 55. cxb4 Rg7 56. b5 Rb7 57. Rb2 Kd3 58. b6 Kc3 59. Rb5 Kc4 60. Rb1 Kc5 61. Ke2 Kd4 62. g4 Kc5 63. Ke3 Kc6 64. g5 Kd5 65. Rb5+ Kc6 66. Rb1 Kd5 67. g6 Ke6 68. Kxe4 Kf6 69. Kd5 1-0

[Event "FIN-chT1A 1516"]
[Site "Finland"]
[Date "2016.02.07"]
[Round "7.6"]
[White "Hautaniemi, Jarmo"]
[Black "Hall, Raimo"]
[Result "1/2-1/2"]
[WhiteElo "1987"]
[BlackElo "1857"]
[PlyCount "90"]
[EventDate "2015.09.12"]
[EventType "team-tourn"]
[EventRounds "8"]
[EventCountry "FIN"]
[SourceTitle "EXT 2017"]
[Source "ChessBase"]
[SourceDate "2016.10.25"]
[SourceVersion "1"]
[SourceVersionDate "2016.10.25"]
[SourceQuality "1"]
[WhiteTeam "Sastamala VammSK"]
[BlackTeam "Helsinki HSK II"]
[WhiteTeamCountry "FIN"]
[BlackTeamCountry "FIN"]

1. d4 Nf6 2. c4 c5 3. d5 b5 4. cxb5 a6 5. b6 d6 6. Nc3 g6 7. e4 Bg7 8. h3 0-0 9. Nf3 Nbd7 10. Bd3 Qxb6 11. 0-0 Bb7 12. Rb1 Ne8 13. Be3 Nc7 14. Qd2 Nb5 15. Na4 Qc7 16. Rfc1 Qd8 17. b4 Nd4 18. bxc5 Nxf3+ 19. gxf3 Bc8 20. f4 dxc5 21. Bf1 Re8 22. Nxc5 Nxc5 23. Rxc5 e6 24. Bg2 exd5 25. Qxd5 Be6 26. Qxd8 Rexd8 27. e5 Rab8 28. Rxb8 Rxb8 29. a4 Rb4 30. a5 Bh6 31. Rc6 Bc4 32. Rc8+ Kg7 33. Kh2 Be6 34. Rc6 Bxf4+ 35. Bxf4 Rxf4 36. Kg3 Rf5 37. Rxa6 Rxe5 38. Ra7 Rg5+ 39. Kh2 Bd5 40. Bxd5 Rxd5 41. a6 Ra5 42. Kg3 Ra3+ 43. f3 Ra4 44. Ra8 h6 45. a7 Kf6 1/2-1/2

[Event "FIN-chT1A 1516"]
[Site "Finland"]
[Date "2015.11.08"]
[Round "5.7"]
[White "Hautaniemi, Jarmo"]
[Black "Perho, Aki"]
[Result "1-0"]
[WhiteElo "1987"]
[BlackElo "1884"]
[PlyCount "79"]
[EventDate "2015.09.12"]
[EventType "team-tourn"]
[EventRounds "8"]
[EventCountry "FIN"]
[SourceTitle "EXT 2017"]
[Source "ChessBase"]
[SourceDate "2016.10.25"]
[SourceVersion "1"]
[SourceVersionDate "2016.10.25"]
[SourceQuality "1"]
[WhiteTeam "Sastamala VammSK"]
[BlackTeam "Pori PSY"]
[WhiteTeamCountry "FIN"]
[BlackTeamCountry "FIN"]

1. d4 Nf6 2. c4 e6 3. Nc3 Bb4 4. Bg5 h6 5. Bh4 c5 6. d5 exd5 7. cxd5 d6 8. e3 0-0 9. Nge2 Nbd7 10. a3 Ba5 11. Nc1 Ne5 12. Be2 Re8 13. 0-0 Bxc3 14. bxc3 Ng6 15. Bg3 Ne4 16. Qc2 Qf6 17. Bb5 Re7 18. Ne2 Nxg3 19. Nxg3 Qe5 20. Bd3 Nf8 21. c4 Bd7 22. Rae1 Ree8 23. f4 Qe7 24. e4 f6 25. Qc3 Nh7 26. e5 fxe5 27. fxe5 dxe5 28. Bg6 Rf8 29. Bxh7+ Kxh7 30. Rxf8 Rxf8 31. Qxe5 Qxe5 32. Rxe5 Re8 33. Rxe8 Bxe8 34. Ne4 b6 35. Nd6 Bd7 36. Nf7 b5 37. cxb5 Bxb5 38. d6 c4 39. Kf2 Kg6 40. d7 1-0

[Event "Turku TuTS Weekend A"]
[Site "Turku"]
[Date "2014.11.30"]
[Round "5"]
[White "Kumpulainen, Jari"]
[Black "Hautaniemi, Jarmo"]
[Result "1/2-1/2"]
[WhiteElo "1930"]
[BlackElo "2017"]
[PlyCount "28"]
[EventDate "2014.11.28"]
[EventType "swiss"]
[EventRounds "5"]
[EventCountry "FIN"]
[SourceTitle "EXT 2022"]
[Source "ChessBase"]
[SourceDate "2021.10.06"]
[SourceVersion "1"]
[SourceVersionDate "2021.10.06"]
[SourceQuality "1"]

1. d4 Nf6 2. c4 e5 3. d5 Bc5 4. e3 d6 5. Be2 0-0 6. Nc3 c6 7. Nf3 Bf5 8. 0-0 cxd5 9. cxd5 a6 10. a3 b5 11. b4 Ba7 12. Bb2 Nbd7 13. Nh4 Bg6 14. Nxg6 hxg6 1/2-1/2

[Event "Turku TuTS Weekend A"]
[Site "Turku"]
[Date "2014.11.28"]
[Round "1"]
[White "Piiroinen, Tero"]
[Black "Hautaniemi, Jarmo"]
[Result "1-0"]
[WhiteElo "1881"]
[BlackElo "2017"]
[PlyCount "43"]
[EventDate "2014.11.28"]
[EventType "swiss"]
[EventRounds "5"]
[EventCountry "FIN"]
[SourceTitle "EXT 2022"]
[Source "ChessBase"]
[SourceDate "2021.10.06"]
[SourceVersion "1"]
[SourceVersionDate "2021.10.06"]
[SourceQuality "1"]

1. b3 e5 2. Bb2 Nc6 3. e3 Bc5 4. Bb5 Nge7 5. Nf3 Bd6 6. 0-0 0-0 7. Ng5 Ng6 8. Qh5 h6 9. Nxf7 Rxf7 10. Qxg6 Rf6 11. Qh5 Qe7 12. f4 exf4 13. Bxf6 Qxf6 14. Qe8+ Qf8 15. Bc4+ Kh7 16. Qxf8 Bxf8 17. Rxf4 Bd6 18. Rf2 Be5 19. Nc3 Bxc3 20. dxc3 Ne5 21. Bd3+ g6 22. Raf1 1-0

[Event "FIN-chT 1314"]
[Site "Finland"]
[Date "2014.02.09"]
[Round "8.6"]
[White "Kononen, Keijo"]
[Black "Hautaniemi, Jarmo"]
[Result "1-0"]
[WhiteElo "2222"]
[BlackElo "2027"]
[PlyCount "45"]
[EventDate "2013.09.21"]
[EventType "team-tourn"]
[EventRounds "11"]
[EventCountry "FIN"]
[SourceTitle "EXT 2015"]
[Source "ChessBase"]
[SourceDate "2014.11.20"]
[SourceVersion "1"]
[SourceVersionDate "2014.11.20"]
[SourceQuality "1"]
[WhiteTeam "Oulu OSS"]
[BlackTeam "Sastamala VammSK"]
[WhiteTeamCountry "FIN"]
[BlackTeamCountry "FIN"]

1. d4 Nf6 2. Nf3 d5 3. c4 c6 4. Nc3 a6 5. c5 g6 6. Bf4 Bg7 7. e3 0-0 8. Be2 Nbd7 9. h3 b6 10. cxb6 Qxb6 11. 0-0 Ne4 12. Nxe4 dxe4 13. Nd2 c5 14. Nc4 Qb7 15. dxc5 Nxc5 16. Qc2 Be6 17. Rad1 Bxc4 18. Bxc4 Qxb2 19. Qxb2 Bxb2 20. Rd2 Bf6 21. Rc1 Nd3 22. Bxd3 Rfd8 23. Bxe4 1-0